书目信息 |
| 题名: |
明清文化史散论
|
|
| 作者: | 冯天瑜 著 | |
| 分册: | ||
| 出版信息: | 武汉 华中工学院出版社 1984 |
|
| 页数: | 390页 | |
| 开本: | 19cm | |
| 丛书名: | ||
| 单 册: | ||
| 中图分类: | K240.3 | |
| 科图分类: | ||
| 主题词: | 中国--历史 | |
| 电子资源: | ||
| ISBN: | ||
| 000 | 00628nam0 2200241 45 | |
| 001 | 0184012959 | |
| 005 | 20040430100402.9 | |
| 010 | @dCNY3.00 | |
| 091 | @a7255.003 | |
| 100 | @a19950623d1984 em y0chiy0121 ea | |
| 101 | 0 | @achi |
| 102 | @aCN@b420000 | |
| 105 | @ay z 000yy | |
| 106 | @ar | |
| 200 | 10 | @a明清文化史散论@Aming qing wen hua shi san lun@f冯天瑜著 |
| 210 | @a武汉@c华中工学院出版社@d1984 | |
| 215 | @a390页@d19cm | |
| 606 | 0 | @a中国@x历史 |
| 690 | @aK240.3 | |
| 701 | 0 | @a冯天瑜@Afeng tian yu@4著 |
| 801 | 0 | @aCN@b上海图书馆@c20040430 |
| 801 | 2 | @aCN@bNLC@c20040430 |
| 905 | @f3@b213160-162@dK240.3@e12 | |
| 明清文化史散论/冯天瑜著.-武汉:华中工学院出版社,1984 |
| 390页;19cm |
| ISBN :CNY3.00 |
| ● |
| 相关链接 |
|
|
|
|
正题名:明清文化史散论
索取号:K240.3/12
 
预约/预借
| 序号 | 登录号 | 条形码 | 馆藏地/架位号 | 状态 | 备注 |
| 1 | 0213160 | 000639820 | 第二借阅区/ [索取号:K240.3/12] | 在馆 | |
| 2 | 0213161 | 000639848 | 第二借阅区/ [索取号:K240.3/12] | 在馆 | |
| 3 | 0213162 | 000639839 | 第二样本阅览室/ [索取号:K240.3/12] | 在馆 |